UM Logo

World of ideas: (Record no. 6529)

MARC details
000 -LEADER
fixed length control field 00524nam a2200145 4500
008 - FIXED-LENGTH DATA ELEMENTS--GENERAL INFORMATION
fixed length control field 170331b xxu||||| |||| 00| 0 eng d
022 ## - INTERNATIONAL STANDARD SERIAL NUMBER
International Standard Serial Number 01153544
082 ## - DEWEY DECIMAL CLASSIFICATION NUMBER
Classification number DPer 338.05 En86 Apr-Jul 2015 v. 15, n. 158-161
245 ## - TITLE STATEMENT
Title World of ideas:
Remainder of title some notions are worth pursuing, others may need to be buried/
260 ## - PUBLICATION, DISTRIBUTION, ETC. (IMPRINT)
Place of publication, distribution, etc. Philippines:
Name of publisher, distributor, etc. Summit Media,
Date of publication, distribution, etc. Apr-Jul 2015.
300 ## - PHYSICAL DESCRIPTION
Extent v15 n 161, page 94:
Other physical details illustrations,
Dimensions 28 cm.
500 ## - GENERAL NOTE
General note Entrepreneur.
650 #0 - SUBJECT ADDED ENTRY--TOPICAL TERM
9 (RLIN) 19731
Topical term or geographic name as entry element Books
General subdivision Theories and ideas
942 ## - ADDED ENTRY ELEMENTS (KOHA)
Source of classification or shelving scheme Dewey Decimal Classification
Koha item type Periodicals
Holdings
Withdrawn status Lost status Source of classification or shelving scheme Damaged status Not for loan Collection code Home library Current library Date acquired Total Checkouts Full call number Date last seen Price effective from Koha item type Public note
    Dewey Decimal Classification     Periodicals UM Digos College - LIC UM Digos College - LIC 03/31/2017   DPer 338.05 En86 Apr-Jul 2015 v. 15, n. 158-161 03/31/2017 03/31/2017 Periodicals Periodical article